000 00523nam a2200169 a 4500
005 20140412111331.0
008 030206s19uu xx 00 eng d
020 _a1-870956-39-7
050 _aER
_bAl51 1993
245 _aAll things bright and beautiful /
_cillustrated by Helen Ward.
260 _aGreat Britain :
_bThe Templar Company plc,
_c1993.
300 _a1 v. (unp.) ; ill.
440 _aCarousel Books
500 _aOpen out a three dimensional poem
650 _aPoems--Juvenile literature
999 _c104924
_d104924